[Event "ESP-ch U12 rapid"]
[Site "Salobrena"]
[Date "2024.07.14"]
[Round "9"]
[White "Martin Mcmullin, Inigo"]
[Black "Gardela Fuentes, Jofre"]
[Result "1-0"]
[WhiteElo "1661"]
[BlackElo "1566"]
[PlyCount "95"]
[EventDate "2024.07.13"]
[EventType "swiss (rapid)"]
[EventRounds "9"]
[EventCountry "ESP"]
[SourceTitle "EXT 2025"]
[Source "ChessBase"]
[SourceDate "2024.10.14"]
[SourceVersion "1"]
[SourceVersionDate "2024.10.14"]
[SourceQuality "1"]

1. Nf3 d5 2. c4 c6 3. b3 e6 4. g3 Nf6 5. Bg2 Be7 6. Bb2 0-0 7. 0-0 Bd7 8. e3 c5 9. d4 Bc6 10. Ne5 Nbd7 11. Nxc6 bxc6 12. Nd2 Rb8 13. Rc1 Qc7 14. cxd5 cxd5 15. dxc5 Qa5 16. Rc2 Nxc5 17. Nf3 Qb6 18. Bd4 Qa5 19. Ne5 Ncd7 20. Nc6 Qb5 21. Nxe7+ Kh8 22. Bxf6 Nxf6 23. Nc6 Qb6 24. Nxb8 Qxb8 25. Re1 h6 26. e4 dxe4 27. Bxe4 Rd8 28. Qf3 Qb6 29. Bb7 Rb8 30. Bc6 Rd8 31. Rd1 Rc8 32. Rdc1 Rd8 33. Qe3 Qb8 34. Rc5 Qd6 35. Bf3 Qb8 36. Qc3 Qd6 37. Rc8 Rxc8 38. Qxc8+ Kh7 39. Qc2+ Kh8 40. Be4 Nxe4 41. Qxe4 g6 42. Qf4 Qd7 43. Rc7 Qd1+ 44. Kg2 Qd5+ 45. Qf3 Qa5 46. Qf6+ Kh7 47. Rxf7+ Kg8 48. Qg7# 1-0